Mariyam Rekshayude Maathavu (Record no. 75732)

MARC details
000 -LEADER
fixed length control field 00381nam a2200133Ia 4500
008 - FIXED-LENGTH DATA ELEMENTS--GENERAL INFORMATION
fixed length control field 211109s9999||||xx |||||||||||||| ||und||
082 ## - DEWEY DECIMAL CLASSIFICATION NUMBER
Classification number 821
Item number ANT-M
100 ## - MAIN ENTRY--PERSONAL NAME
Personal name Fr Antony,
245 #0 - TITLE STATEMENT
Title Mariyam Rekshayude Maathavu
260 ## - PUBLICATION, DISTRIBUTION, ETC.
Name of publisher, distributor, etc. Deepika Book House
Place of publication, distribution, etc. Kottayam Inv No 2945
Date of publication, distribution, etc. 1978
630 ## - SUBJECT ADDED ENTRY--UNIFORM TITLE
General subdivision General Stack
650 ## - SUBJECT ADDED ENTRY--TOPICAL TERM
Topical term or geographic name entry element English Literature
942 ## - ADDED ENTRY ELEMENTS (KOHA)
Koha item type BOOK
650 ## - SUBJECT ADDED ENTRY--TOPICAL TERM
Form subdivision English PoetryGeneralia
Holdings
Withdrawn status Lost status Damaged status Not for loan Home library Current library Date acquired Cost, normal purchase price Total Checkouts Full call number Barcode Shelving location Date last seen Price effective from Koha item type
        SB LIBRARY SB LIBRARY 09/11/2021 12.00   821 ANT-M 00060189 GENERAL STACK 09/11/2021 09/11/2021 BOOK

Powered by Koha